the assessment on fish ultilization in anglong romeat commune, kandal steng district, kandal province (ការវាយតំលៃទៅលើការប្រើប្រាស់ត្រីរបស់ប្រជាជនក្នុឃុំអន្លង់រមៀត ស្រុកកណ្តាលស្ទឹង ខេត្តកណ្តាល) (Record no. 3903)

000 -LEADER
fixed length control field 00717nam a22001337a 4500
040 ## - CATALOGING SOURCE
Transcribing agency RUA
082 ## - DEWEY DECIMAL CLASSIFICATION NUMBER
Classification number FIS CHE 2004 B176 Or.1
100 ## - MAIN ENTRY--AUTHOR NAME
Personal name CHEAM, PHANITH.
245 ## - TITLE STATEMENT
Title the assessment on fish ultilization in anglong romeat commune, kandal steng district, kandal province (ការវាយតំលៃទៅលើការប្រើប្រាស់ត្រីរបស់ប្រជាជនក្នុឃុំអន្លង់រមៀត ស្រុកកណ្តាលស្ទឹង ខេត្តកណ្តាល)
260 ## - PUBLICATION, DISTRIBUTION, ETC. (IMPRINT)
Place of publication Phnom Penh
Name of publisher RUA
Year of publication 2004
300 ## - PHYSICAL DESCRIPTION
Number of Pages 40p.
Other physical details ill.
Dimensions 29cm.
856 ## - ELECTRONIC LOCATION AND ACCESS
Uniform Resource Identifier https://drive.google.com/file/d/1YlauRfyq2hdVSpR1oCn_2KJN2c_5-twx/view?usp=sharing
942 ## - ADDED ENTRY ELEMENTS (KOHA)
Koha item type FIS
952 ## - LOCATION AND ITEM INFORMATION (KOHA)
Withdrawn status [LOCAL, KOHA] 0
952 ## - LOCATION AND ITEM INFORMATION (KOHA)
Withdrawn status [LOCAL, KOHA] 0
952 ## - LOCATION AND ITEM INFORMATION (KOHA)
Withdrawn status [LOCAL, KOHA] 0
Holdings
Permanent Location Date acquired Koha item type Lost status Shelving location Barcode Current Location Full call number
Library Block B2015-12-03FIS B176RUA026690Library Block BFIS CHE 2004 B176 Or.1
Library Block B2015-12-03FIS B176RUA026762Library Block BFIS CHE 2004 B176 Or.2
Library Block B2015-12-03FIS B176RUA011890Library Block BFIS CHE 2004 B176 Or.3
មជ្ឈមណ្ឌលឯការនៃសាកលវិទ្យាល័យភូមិន្ទកសិកម្មចំការដូង

Powered by Koha